000 00273nam a22001217a 4500
008 170525b xxu||||| |||| 00| 0 eng d
041 _aeng
080 _a621.3
100 _a26
101 _aIM
245 _aBIOCHEMICAL ENERGETICS AND KINETICS
_cPATTON
942 _2udc
_cBK
999 _c14255
_d14255